Tổng tập nghiên cứu văn hóa, văn nghệ dân gian
Nội dung sách giới thiệu quyển 6 về văn hóa dân gian người Mường Phú Thọ, tín người trong hội Văn Lang qua tín ngưỡng Việt Mường, thờ tổ họ người Mường, văn nghệ dân gian, nghiên cứu lý luận......
Đã lưu trong:
| 格式: | 圖書 |
|---|---|
| 語言: | Undetermined |
| 出版: |
Hà Nội
Hội nhà văn
2016
|
| 主題: | |
| 標簽: |
添加標簽
沒有標簽, 成為第一個標記此記錄!
|
| Thư viện lưu trữ: | Trung tâm Học liệu Trường Đại học Cần Thơ |
|---|
| LEADER | 01001nam a2200205Ia 4500 | ||
|---|---|---|---|
| 001 | CTU_225779 | ||
| 008 | 210402s9999 xx 000 0 und d | ||
| 082 | |a 781.6295922 | ||
| 082 | |b T455/Q.6 | ||
| 245 | 0 | |a Tổng tập nghiên cứu văn hóa, văn nghệ dân gian | |
| 245 | 0 | |c Nguyễn Khắc Xương (nghiên cứu, sưu tầm) | |
| 260 | |a Hà Nội | ||
| 260 | |b Hội nhà văn | ||
| 260 | |c 2016 | ||
| 520 | |a Nội dung sách giới thiệu quyển 6 về văn hóa dân gian người Mường Phú Thọ, tín người trong hội Văn Lang qua tín ngưỡng Việt Mường, thờ tổ họ người Mường, văn nghệ dân gian, nghiên cứu lý luận... | ||
| 650 | |a Âm nhạc dân gian,Folk music | ||
| 650 | |x Lịch sử và phê bình,History and criticism | ||
| 650 | |z Việt Nam,Vietnam | ||
| 910 | |b dqhieu | ||
| 980 | |a Trung tâm Học liệu Trường Đại học Cần Thơ | ||